Fortress introduction to contemporary theologies /

Đã lưu trong:
Chi tiết về thư mục
Tác giả chính: Miller, Ed L.
Tác giả khác: Grenz, Stanley
Định dạng: Sách
Ngôn ngữ:Tiếng Anh
Được phát hành: Minneapolis : Fortress, c1998.
Những chủ đề:
Các nhãn: Thêm thẻ
Không có thẻ, Là người đầu tiên thẻ bản ghi này!

MARC

LEADER 00000cam a22000002a 4500
001 0000007357
003 DAYSTAR
005 20171002014452.0
008 030703s1998 xx 001 0 eng d
020 |a 0800629817 
040 |a Daystar 
040 |d Nmicheni 
050 1 |a BT77.3  |b .M56 
100 1 |a Miller, Ed L. 
245 1 0 |a Fortress introduction to contemporary theologies /  |c Ed L. Miller. 
260 |a Minneapolis :  |b Fortress,  |c c1998. 
300 |a 246 p. 
650 0 |a Theology, Doctrinal. 
700 1 |a Grenz, Stanley. 
908 |a 060412 
942 |c G 
952 |0 0  |1 0  |4 0  |6 BT_77_300000000000000_M56  |7 0  |9 2747  |a DUA  |b DUA  |c GC  |d 2017-09-28  |l 0  |o BT77.3.M56  |p BK004815  |r 2017-09-28 00:00:00  |t c.1  |w 2017-09-28  |x 53878  |y G 
952 |0 0  |1 0  |4 0  |6 BT_77_300000000000000_M56  |7 0  |9 2748  |a DUN  |b DUN  |c GC  |d 2017-09-28  |l 0  |o BT77.3.M56  |p BK028130  |r 2017-09-28 00:00:00  |t c.2  |w 2017-09-28  |x 53879  |y G 
999 |c 1743  |d 1743